On the Medieval Origins of the Modern State

Saved in:
Bibliographic Details
Main Author: Strayer, Joseph R.
Format: Book
Language:English
Published: Princeton Princeton University Press 1973
Edition:1. ed.
Subjects:
Tags: Add Tag
No Tags, Be the first to tag this record!

MARC

LEADER 00000nam a2200000 4500
001 c014366
005 20221207074909.3
020 |a 0-691-00769-1 
041 0 |a eng 
044 |a US 
245 1 0 |a On the Medieval Origins of the Modern State  |c Joseph R. Strayer 
250 |a 1. ed. 
264 1 |a Princeton  |b Princeton University Press  |c 1973 
300 |a 114 s. 
610 2 0 |a štát 
610 2 0 |a dejiny 
610 2 0 |a história 
100 1 |a Strayer, Joseph R.